P. Method Gazdík

Životopis a cestopis Metoda Gazdíka

Bibliographic Details
Main Author: Lepáček, Celestín Alojz, 1905-1955 (Author)
Format: Manuscript Book
Language:Slovak
PhysicalDescription:33 strán rukopis, strojop. (odpis) 34 cm
Published: [Malacky?] [1930?]
Subjects:

MARC

LEADER 00000ntmaa2200000 a 4500
001 vtls011744612
003 SK-MaSNL
005 20260301095249.0
008 251021s1930 xo || 000n1bslo
035 |a urn:nbn:sk:snk-tm00cqnk 
035 |a urn:nbn:sk:snk-tm3n2pq 
035 |a B5B84DB6-33E7-42B0-87B1-06EC8260F173 
040 |a SNKLA  |b slo  |c SNKLA  |e AACR2 
041 0 |a slo 
044 |a xo  |c SK 
072 7 |a 27-78  |x Kresťanské združenia, spolky a organizácie. Rehoľné rády  |2 konspekt 
080 |a 929  |2 2011 
080 |a 025.171  |2 2011 
080 |a 82-992  |2 2011 
100 1 |a Lepáček, Celestín Alojz,  |d 1905-1955  |4 aut  |9 174229 
245 1 0 |a P. Method Gazdík  |c [Celestín Lepáček] 
260 |a [Malacky?]  |c [1930?] 
300 |a 33 strán  |b rukopis, strojop. (odpis)  |c 34 cm 
500 |a Autor určený podľa signatúry RHKS 763 
520 2 |a Životopis a cestopis Metoda Gazdíka 
555 0 |a Inventár rukopisov Archívu literatúry a umenia Matice slovenskej. Rukopisy historických knižníc na Slovensku I. Martin : Matica slovenská 1992 
600 1 7 |a Gazdík, Metod Jozef,  |d 1802-1872  |2 SNKLA  |9 430345 
610 2 7 |a Františkáni.  |b Mariánska provincia  |2 SNKLA  |9 174797 
650 0 7 |a cestopisy  |2 SNKPH  |9 186227 
655 7 |a biografie  |2 SNKPH  |9 27965 
655 7 |a rukopisy  |2 SNKPH  |9 70548 
852 |a Slovenská národná knižnica  |b Literárny archív 
958 |a ZH 
958 |a BLA 
999 |c 682639  |d 684569 
952 |a SNKLA  |b SNKLA  |c SNKLA_DEP  |y NEVYP  |7 0  |p 17A1227995  |o snkRHKS 762/2  |0 0  |1 0  |4 0  |d 2018-03-05  |f 1  |l 0  |r 2026-02-23 20:02:07  |w 2026-02-23